Textbook of Forensic Pharmacy (Record no. 10406)
[ view plain ]
| 000 -LEADER | |
|---|---|
| fixed length control field | 00416nam a22001697a 4500 |
| 003 - CONTROL NUMBER IDENTIFIER | |
| control field | OSt |
| 008 - FIXED-LENGTH DATA ELEMENTS--GENERAL INFORMATION | |
| fixed length control field | 210204b ||||| |||| 00| 0 eng d |
| 020 ## - INTERNATIONAL STANDARD BOOK NUMBER | |
| International Standard Book Number | 9788185731872 |
| 082 ## - DEWEY DECIMAL CLASSIFICATION NUMBER | |
| Classification number | 614.1 JAT |
| 100 ## - MAIN ENTRY--PERSONAL NAME | |
| Personal name | Jain, N.K |
| 245 ## - TITLE STATEMENT | |
| Title | Textbook of Forensic Pharmacy |
| 250 ## - EDITION STATEMENT | |
| Edition statement | 8th |
| 260 ## - PUBLICATION, DISTRIBUTION, ETC. (IMPRINT) | |
| Place of publication, distribution, etc | New Delhi |
| Name of publisher, distributor, etc | Vallabh Prakashan, |
| Date of publication, distribution, etc | 2018 |
| 300 ## - PHYSICAL DESCRIPTION | |
| Extent | 520 |
| 650 ## - SUBJECT ADDED ENTRY--TOPICAL TERM | |
| Topical term or geographic name as entry element | Pharmaceutical Jurisprudence |
| 942 ## - ADDED ENTRY ELEMENTS (KOHA) | |
| Source of classification or shelving scheme | Dewey Decimal Classification |
| Koha item type | Text Books |
| Withdrawn status | Lost status | Source of classification or shelving scheme | Damaged status | Not for loan | Collection code | Home library | Current library | Date acquired | Source of acquisition | Currency | Cost, normal purchase price | Bill Number | Total Checkouts | Full call number | Acc. no. / Barcode | Date last seen | Copy number | Actual Cost, discounted price | Bill Date | Koha item type | Date last borrowed |
|---|---|---|---|---|---|---|---|---|---|---|---|---|---|---|---|---|---|---|---|---|---|
| Dewey Decimal Classification | B.Pharma | PIET C-LIBRARY | PIET C-LIBRARY | 06/01/2020 | Kirti Prakashan | IN Rupees | 315.00 | IN5972 | 614.1 JAT | BP15 | 16/03/2020 | 1 | 255.00 | 06/01/2020 | Text Books | ||||||
| Dewey Decimal Classification | B.Pharma | PIET C-LIBRARY | PIET C-LIBRARY | 06/01/2020 | Kirti Prakashan | IN Rupees | 315.00 | IN5972 | 11 | 614.1 JAT | BP16 | 28/03/2025 | 2 | 255.00 | 06/01/2020 | Text Books | 11/03/2025 | ||||
| Dewey Decimal Classification | B.Pharma | PIET C-LIBRARY | PIET C-LIBRARY | 06/01/2020 | Kirti Prakashan | IN Rupees | 315.00 | IN5972 | 10 | 614.1 JAT | BP17 | 11/08/2025 | 3 | 255.00 | 06/01/2020 | Text Books | 29/07/2025 | ||||
| Dewey Decimal Classification | B.Pharma | PIET C-LIBRARY | PIET C-LIBRARY | 06/01/2020 | Kirti Prakashan | IN Rupees | 315.00 | IN5972 | 10 | 614.1 JAT | BP18 | 31/07/2025 | 4 | 255.00 | 06/01/2020 | Text Books | 17/07/2025 | ||||
| Dewey Decimal Classification | B.Pharma | PIET C-LIBRARY | PIET C-LIBRARY | 11/01/2020 | Kirti Praskshan | IN Rupees | 315.00 | IN6014 | 6 | 614.1 JAT | BP561 | 12/06/2023 | 255.15 | 11/01/2020 | Text Books | 30/05/2023 | |||||
| Dewey Decimal Classification | B.Pharma | PIET C-LIBRARY | PIET C-LIBRARY | 11/01/2020 | Kirti Praskshan | IN Rupees | 315.00 | IN6014 | 10 | 614.1 JAT | BP562 | 21/04/2026 | 255.15 | 11/01/2020 | Text Books | 24/03/2026 | |||||
| Dewey Decimal Classification | B.Pharma | PIET C-LIBRARY | PIET C-LIBRARY | 11/01/2020 | Kirti Praskshan | IN Rupees | 315.00 | IN6014 | 10 | 614.1 JAT | BP563 | 30/04/2026 | 255.15 | 11/01/2020 | Text Books | 21/04/2026 | |||||
| Dewey Decimal Classification | B.Pharma | PIET C-LIBRARY | PIET C-LIBRARY | 02/02/2021 | Kirti Praskshan | IN Rupees | 300.00 | IN1456 | 13 | 614.1 JAT | BP1515 | 17/03/2025 | 243.00 | 02/02/2021 | Text Books | 03/03/2025 | |||||
| Dewey Decimal Classification | B.Pharma | PIET C-LIBRARY | PIET C-LIBRARY | 02/02/2021 | Kirti Praskshan | IN Rupees | 300.00 | IN1456 | 8 | 614.1 JAT | BP1516 | 02/05/2025 | 243.00 | 02/02/2021 | Text Books | 18/04/2025 |